| 000 | 00652nam a2200205 i 4500 | ||
|---|---|---|---|
| 001 | 120522 | ||
| 003 | ES-MaACL | ||
| 005 | 20230906191553.0 | ||
| 007 | t| | ||
| 008 | 070214s1946 ag f |||| | spa d | ||
| 080 | _a308-055 | ||
| 100 | 1 |
_aPittaluga, Gustavo, _d1876-1956 _9155591 |
|
| 245 | 1 | 0 |
_aGrandeza y servidumbre de la mujer _b: la posición de la mujer en la historia / _cGustavo Pittaluga. |
| 260 |
_aBuenos Aires : _bEd. Sudamericana, _c1946. |
||
| 300 |
_a803 p., 64 lám. ; _c22 cm. |
||
| 500 | _aÍndice. | ||
| 650 | 0 | 4 |
_aMujeres- _xSituación social- _vHistoria. _9167789 |
| 852 |
_aES-MaACL _jC-4795 |
||
| 999 |
_c120522 _d120522 |
||